|
|
|
|
| LEADER |
00000nam0a2200000 4500 |
| 001 |
117929 |
| 005 |
20231101215432.0 |
| 010 |
|
|
|a 5911312603
|
| 035 |
|
|
|a (RuTPU)RU\TPU\book\127640
|
| 090 |
|
|
|a 117929
|
| 100 |
|
|
|a 20070606d2007 m y0rusy50 ca
|
| 101 |
0 |
|
|a rus
|
| 102 |
|
|
|a RU
|
| 105 |
|
|
|a y j 001zy
|
| 200 |
1 |
|
|a Налоги и налогообложение
|e учебное пособие
|f Е. Ю. Шапкова
|
| 205 |
|
|
|a 2-е изд., перераб. и доп.
|
| 210 |
|
|
|a Москва
|c Дашков и К
|d 2007
|
| 215 |
|
|
|a 336 с.
|
| 320 |
|
|
|a Библиогр.: с. 330-332.
|
| 320 |
|
|
|a Словарь терминов: с. 323-329.
|
| 330 |
|
|
|a В учебном пособии излагается курс "Налоги и налогообложение", предусмотренный Государственным образовательным стандартом среднего профессионального образования. Подробно рассмотрены методики налогообложения, система и принципы налоговой политики. Пособие помимо теоретических вопросов содержит практические задания, что позволяет использовать его при проведении занятий по практике налогообложения и семинарских занятий по данной дисциплине. Для студентов колледжей, обучающихся по специальностям 0601 "Экономика, бухгалтерский учет и контроль (по отраслям)" (80 учебных часов), 0602 "Менеджмент (по отраслям)" (72 учебных часа), 2203 "Программное обеспечение ВТ и АС" (36 учебных часов), а также всех интересующихся вопросами налогообложения.
|
| 606 |
1 |
|
|a Налоги
|2 stltpush
|3 (RuTPU)RU\TPU\subj\36467
|9 57834
|
| 610 |
1 |
|
|a экономика
|
| 610 |
1 |
|
|a финансы
|
| 610 |
1 |
|
|a налоги
|
| 610 |
1 |
|
|a налогообложение
|
| 610 |
1 |
|
|a Российская Федерация
|
| 610 |
1 |
|
|a налоговое законодательство
|
| 610 |
1 |
|
|a федеральные налоги
|
| 610 |
1 |
|
|a расчеты
|
| 610 |
1 |
|
|a методика
|
| 610 |
1 |
|
|a государственная пошлина
|
| 610 |
1 |
|
|a региональные налоги
|
| 610 |
1 |
|
|a местные налоги
|
| 610 |
1 |
|
|a местное самоуправление
|
| 610 |
1 |
|
|a специальные налоговые режимы
|
| 610 |
1 |
|
|a таможенные сборы
|
| 610 |
1 |
|
|a страховые взносы
|
| 610 |
1 |
|
|a налоговый контроль
|
| 610 |
1 |
|
|a налоговые правонарушения
|
| 610 |
1 |
|
|a учебные пособия
|
| 686 |
|
|
|a У9(2)261.4я73
|v LBC/SL-A
|2 rubbk
|
| 700 |
|
1 |
|a Шапкова
|b Е. Ю.
|g Елена Юрьевна
|
| 801 |
|
1 |
|a RU
|b 63413507
|c 20070606
|g PSBO
|
| 801 |
|
2 |
|a RU
|b 63413507
|c 20210421
|g PSBO
|
| 900 |
|
|
|a Налоги и налогообложение
|
| 942 |
|
|
|c BK
|
| 959 |
|
|
|a 47/20070604
|d 2
|e 132,00
|f АНЛ:1
|f ЧЗГЛ:1
|